[Event "First Saturday (JUNE-GM)"]
[Site "Budapest"]
[Date "1999.06.11"]
[Round "7"]
[White "Nguyen Anh, D(VIE)."]
[Black "Llanos, G(ARG)."]
[Result "1-0"]
[WhiteElo "2485"]
[BlackElo "2435"]
[PlyCount "88"]

1. e4 d5 2. exd5 Nf6 3. d4 Bg4 4. Nf3 Qxd5 5. Be2 Nc6 6. h3 Bxf3 7. Bxf3 Qd7 8.
c3 O-O-O 9. Qb3 e6 10. O-O Rg8 11. Bg5 h6 12. Bxf6 gxf6 13. Kh1 Na5 14. Qc2 Nc4
15. Qe2 Nd6 16. Nd2 Nf5 17. Ne4 Be7 18. g3 e5 19. dxe5 Nh4 20. Kh2 Nxf3+ 21.
Qxf3 fxe5 22. Qxf7 Rdf8 23. Qc4 h5 24. Rad1 Qf5 25. Rd3 Qg6 26. Rfd1 c6 27. Re3
Kc7 28. Qe2 Qf7 29. Red3 Qf5 30. Rd7+ Qxd7 31. Rxd7+ Kxd7 32. Qxh5 Ke6 33. Kg2
b5 34. Qh6+ Kd5 35. Qe3 a5 36. f3 a4 37. Qa7 Ke6 38. c4 bxc4 39. Qxa4 Kd5 40.
b3 cxb3 41. axb3 Ke6 42. Qxc6+ Kf7 43. Qd5+ Kg7 44. Qxe5+ Bf6 1-0

[Event "First Saturday (JUNE-GM)"]
[Site "Budapest"]
[Date "1999.06.11"]
[Round "7"]
[White "Maiwald, J(GER)."]
[Black "Hoang T, T(VIE)."]
[Result "0-1"]
[WhiteElo "2465"]
[BlackElo "2450"]
[PlyCount "114"]

1. g3 f5 2. Bg2 Nf6 3. d4 g6 4. c3 Bg7 5. Qb3 Nc6 6. Nd2 d5 7. Nh3 e6 8. Nf3
Ne4 9. Nf4 O-O 10. h4 Qe7 11. Nd3 b6 12. Bf4 Bb7 13. Qc2 Nd8 14. Nfe5 c5 15. f3
Nf6 16. Qd2 Nf7 17. Nxf7 Rxf7 18. Be5 Ba6 19. Nf4 Bh6 20. Bxf6 Qxf6 21. e3 Rd8
22. Kf2 e5 23. dxe5 Qxe5 24. Rhe1 Rfd7 25. Qc2 Qf6 26. Qa4 Bc8 27. Rad1 d4 28.
cxd4 cxd4 29. Rxd4 Rxd4 30. exd4 Bxf4 31. gxf4 Qxh4+ 32. Kf1 Bd7 33. Qb4 Qxf4
34. Re7 Qxd4 35. Qxd4 Bb5+ 36. Ke1 Rxd4 37. Rxa7 Ra4 38. Rb7 Rxa2 39. f4 Rxb2
40. Bd5+ Kh8 41. Rxb6 Rb1+ 42. Kd2 Bd3 43. Re6 Bf1 44. Re7 Rb4 45. Ke3 Bc4 46.
Bc6 Bb3 47. Ra7 Bc2 48. Bd5 Be4 49. Ra8+ Kg7 50. Ra7+ Kh6 51. Bxe4 Rxe4+ 52.
Kf3 Re8 53. Kg3 Re3+ 54. Kf2 Rb3 55. Rc7 Kh5 56. Rxh7+ Kg4 57. Rg7 Rb6 0-1

[Event "First Saturday (JUNE-GM)"]
[Site "Budapest"]
[Date "1999.06.11"]
[Round "7"]
[White "Czebe, A(HUN)."]
[Black "Anastasian, A(HUN)."]
[Result "1/2-1/2"]
[WhiteElo "2420"]
[BlackElo "2525"]
[PlyCount "87"]

1. d4 Nf6 2. c4 e6 3. Nf3 b6 4. Nc3 Bb7 5. a3 d5 6. Bg5 dxc4 7. e4 Be7 8. Qc2
Nc6 9. Rd1 Na5 10. Ne5 Nd7 11. Bxe7 Qxe7 12. Nxc4 Nxc4 13. Bxc4 O-O 14. O-O c5
15. d5 Ne5 16. Be2 exd5 17. exd5 a6 18. f4 Nd7 19. Qd2 Nf6 20. Bf3 Qd7 21. Rfe1
b5 22. b3 Qd6 23. Re5 Rad8 24. Qe3 Bc8 25. h3 Bd7 26. g4 b4 27. axb4 cxb4 28.
Ne2 Rc8 29. Kg2 Rfd8 30. g5 Ne8 31. Bg4 g6 32. Bxd7 Qxd7 33. Qb6 Nd6 34. Qxb4
Rc2 35. Rd2 Rdc8 36. Qd4 Qb5 37. Qd3 Rxd2 38. Qxd2 Qxb3 39. Nd4 Qc3 40. Qxc3
Rxc3 41. Nc6 Kf8 42. h4 Rd3 43. Nb4 Rd2+ 44. Kf3 1/2-1/2

[Event "First Saturday (JUNE-GM)"]
[Site "Budapest"]
[Date "1999.06.12"]
[Round "8"]
[White "Varga, Z(HUN)."]
[Black "Czebe, A(HUN)."]
[Result "1/2-1/2"]
[WhiteElo "2515"]
[BlackElo "2420"]
[PlyCount "73"]
[EventDate "1999.??.??"]

1. e4 c5 2. Nf3 Nc6 3. Bb5 e6 4. O-O Nge7 5. Re1 a6 6. Bf1 d5 7. exd5 Nxd5 8.
d4 Be7 9. dxc5 Bxc5 10. c4 Nf6 11. Nc3 O-O 12. a3 Qc7 13. b4 Be7 14. Bb2 b6 15.
Rc1 Rd8 16. Qb3 Bb7 17. h3 Rac8 18. Red1 Qb8 19. Na4 Rxd1 20. Rxd1 Qc7 21. c5
bxc5 22. Nxc5 Bxc5 23. bxc5 Nd5 24. Rc1 Rb8 25. Qc2 h6 26. Ba1 a5 27. Bc4 Rd8
28. Rd1 Nf6 29. Bxf6 gxf6 30. Rxd8+ Qxd8 31. Qd3 Qxd3 32. Bxd3 Ne5 33. Nxe5
fxe5 34. g3 Bc6 35. f4 exf4 36. gxf4 Kg7 37. Kf2 1/2-1/2

[Event "First Saturday (JUNE-GM)"]
[Site "Budapest"]
[Date "1999.06.12"]
[Round "8"]
[White "Hoang T, T(VIE)."]
[Black "Seres, L(HUN)."]
[Result "1-0"]
[WhiteElo "2450"]
[BlackElo "2425"]
[PlyCount "67"]

1. d4 e6 2. c4 b6 3. e4 Bb7 4. Bd3 Nc6 5. Ne2 Nb4 6. O-O Ne7 7. Nbc3 Nxd3 8.
Qxd3 d6 9. Be3 g6 10. d5 Bg7 11. f4 O-O 12. Ng3 Bc8 13. Rae1 Bd7 14. e5 exd5
15. cxd5 Nf5 16. Bf2 dxe5 17. fxe5 Re8 18. Nxf5 Bxf5 19. Qd4 c5 20. Qf4 Qd7 21.
Bh4 b5 22. d6 Qe6 23. Nxb5 Bxe5 24. Qd2 Qd7 25. Rxe5 Rxe5 26. Nc7 Be4 27. Bf6
Rh5 28. Nxa8 Bxa8 29. Re1 Rf5 30. Bc3 f6 31. Re7 Qb5 32. Qe1 Kf8 33. Rxa7 Be4
34. d7 1-0

[Event "First Saturday (JUNE-GM)"]
[Site "Budapest"]
[Date "1999.06.12"]
[Round "8"]
[White "Zontakh, A(UKR)."]
[Black "Hoffmann, M(GER)."]
[Result "1-0"]
[WhiteElo "2530"]
[BlackElo "2405"]
[PlyCount "80"]

1. Nf3 Nf6 2. c4 c5 3. Nc3 e6 4. d4 cxd4 5. Nxd4 Bb4 6. g3 Ne4 7. Qd3 Qa5 8.
Nb3 Nxc3 9. Bd2 Ne4 10. Qxe4 Bxd2+ 11. Nxd2 O-O 12. Bg2 Nc6 13. Qf3 Qe5 14. Rb1
Rd8 15. O-O d5 16. Rfd1 Qf6 17. Qa3 Bd7 18. cxd5 exd5 19. Bxd5 Nd4 20. e4 Bg4
21. f3 Nxf3+ 22. Nxf3 Bxf3 23. Rd3 Qb6+ 24. Kf1 Rxd5 25. exd5 Be4 26. d6 Bxd3+
27. Qxd3 Rd8 28. Re1 g6 29. Rd1 Qxb2 30. Rd2 Qf6+ 31. Kg2 Rd7 32. a4 Qe5 33. h4
Kg7 34. Kh2 h5 35. Qa3 f5 36. Qb4 Kh6 37. a5 g5 38. hxg5+ Kxg5 39. Qc4 Kh6 40.
Re2 Qg7 1-0

[Event "First Saturday (JUNE-GM)"]
[Site "Budapest"]
[Date "1999.06.12"]
[Round "8"]
[White "Lorscheid, M(GER)."]
[Black "Nguyen Anh D(VIE)"]
[Result "1/2-1/2"]
[WhiteElo "2320"]
[BlackElo "2485"]
[PlyCount "54"]

1. d4 Nf6 2. c4 g6 3. Nc3 Bg7 4. e4 d6 5. Be2 O-O 6. Bg5 h6 7. Be3 e5 8. d5 Na6
9. h4 Nc5 10. Qc2 c6 11. h5 cxd5 12. cxd5 g5 13. b4 Na6 14. a3 Bd7 15. f3 g4
16. Qd2 Kh7 17. Nb5 gxf3 18. gxf3 Ne8 19. O-O-O Nac7 20. Nc3 f5 21. exf5 Bxf5
22. Bd3 Bxd3 23. Qxd3+ Kh8 24. Kb1 b5 25. Qd2 Kh7 26. Qd3+ Kh8 27. Qd2 Kh7
1/2-1/2

[Event "First Saturday (JUNE-GM)"]
[Site "Budapest"]
[Date "1999.06.12"]
[Round "8"]
[White "Llanos, G(ARG)."]
[Black "Maiwald, J(GER)."]
[Result "0-1"]
[WhiteElo "2435"]
[BlackElo "2465"]
[PlyCount "108"]

1. d4 g6 2. e4 Bg7 3. c4 d6 4. Nc3 Nf6 5. Nf3 O-O 6. Be2 c6 7. O-O Na6 8. Be3
Ng4 9. Bd2 e5 10. d5 f5 11. Ng5 Nf6 12. exf5 gxf5 13. f4 e4 14. Be3 Nc7 15. Qb3
Qe7 16. Rad1 c5 17. Rfe1 b6 18. Qc2 h6 19. Nh3 Bd7 20. Nf2 Rab8 21. Kh1 h5 22.
g3 Qe8 23. h3 b5 24. b3 a6 25. Rg1 Qg6 26. Rg2 Kf7 27. Rdg1 Rh8 28. Rh2 bxc4
29. bxc4 Rb4 30. Nfd1 Nce8 31. Rgg2 Ng8 32. a3 Rb8 33. g4 hxg4 34. hxg4 Rxh2+
35. Rxh2 fxg4 36. Nxe4 Bf5 37. Bd3 Ne7 38. Kg1 Kf8 39. Rd2 Bf6 40. Ng3 Bxd3 41.
Qxd3 Qxd3 42. Rxd3 Bh4 43. Ne4 Nf5 44. Bf2 Nf6 45. Nxf6 Bxf6 46. Kg2 Bd4 47.
Bxd4 cxd4 48. Nf2 Rb2 49. Kg1 g3 50. Ne4 Ne3 51. Nxg3 Rg2+ 52. Kh1 Rxg3 53.
Rxd4 Nf5 54. Re4 Re3 0-1

[Event "First Saturday (JUNE-GM)"]
[Site "Budapest"]
[Date "1999.06.13"]
[Round "9"]
[White "Maiwald, J(GER)."]
[Black "Lorscheid, G(GER)."]
[Result "1-0"]
[WhiteElo "2465"]
[BlackElo "2320"]
[PlyCount "63"]

1. e4 d6 2. d4 Nf6 3. Nc3 g6 4. Be3 c6 5. h3 Nbd7 6. f4 b5 7. Bd3 Nb6 8. Nf3
Bg7 9. O-O O-O 10. Qe1 Nc4 11. Bxc4 bxc4 12. Rd1 d5 13. e5 Ne4 14. Nxe4 dxe4
15. Nd2 Qd5 16. Nb1 f5 17. Nc3 Qf7 18. d5 cxd5 19. Rxd5 Rb8 20. Qc1 a6 21. Rc5
Be6 22. Ra5 Bc8 23. Rd1 Bb7 24. Na4 Bc8 25. Nb6 Qe6 26. Nd5 Kf7 27. Nc7 Qc6 28.
Rc5 Qb7 29. b3 cxb3 30. cxb3 Kg8 31. Rc6 Qb4 32. Rd4 1-0

[Event "First Saturday (JUNE-GM)"]
[Site "Budapest"]
[Date "1999.06.13"]
[Round "9"]
[White "Hoffmann, M(GER)."]
[Black "Hoang T, T(VIE)."]
[Result "1-0"]
[WhiteElo "2405"]
[BlackElo "2450"]
[PlyCount "67"]

1. Nf3 f5 2. g3 g6 3. Bg2 Bg7 4. d4 Nf6 5. O-O O-O 6. Nbd2 d6 7. Re1 Nc6 8. e4
fxe4 9. Nxe4 Nxe4 10. Rxe4 e5 11. Bg5 Qe8 12. dxe5 dxe5 13. Rh4 Bf5 14. c3 e4
15. Qd5+ Rf7 16. Re1 Qf8 17. Nd2 h6 18. Be3 g5 19. Rxe4 Bxe4 20. Nxe4 Ne5 21.
Nc5 c6 22. Qb3 Qe7 23. Ne6 Bh8 24. Bc5 Qf6 25. f4 gxf4 26. Bd4 Qf5 27. Nxf4 Ng4
28. Be4 Bxd4+ 29. cxd4 Qa5 30. Re2 Qb6 31. Qe6 Qxd4+ 32. Kg2 Ne5 33. Bf5 Nc4
34. Bh7+ 1-0

[Event "First Saturday (JUNE-GM)"]
[Site "Budapest"]
[Date "1999.06.13"]
[Round "9"]
[White "Czebe, A(HUN)."]
[Black "Zontakh, A(UKR)."]
[Result "0-1"]
[WhiteElo "2420"]
[BlackElo "2530"]
[PlyCount "94"]

1. d4 d5 2. c4 dxc4 3. Nf3 Nf6 4. Nc3 c6 5. a4 Bf5 6. e3 e6 7. Bxc4 Bb4 8. O-O
Nbd7 9. Qb3 a5 10. Nh4 Bg6 11. f3 O-O 12. Nxg6 hxg6 13. Na2 Be7 14. Qxb7 Rb8
15. Qa6 c5 16. Be2 cxd4 17. exd4 Nb6 18. Nc3 Qxd4+ 19. Kh1 Bb4 20. Rd1 Qe5 21.
f4 Qc5 22. Bf3 Rfd8 23. Rxd8+ Rxd8 24. Qb5 Qd4 25. Qe2 Bc5 26. Qd1 Qxd1+ 27.
Nxd1 Nc4 28. b3 Nd2 29. Bxd2 Rxd2 30. Rc1 Bb4 31. Rc8+ Kh7 32. Ne3 Rd3 33. Nc4
Rxb3 34. h4 Rc3 35. Be2 Nh5 36. Bxh5 gxh5 37. Rc6 g6 38. Ne5 Rxc6 39. Nxc6 Kg7
40. g3 Kf8 41. Kg2 Ke8 42. Kf3 Bc3 43. Na7 Kd7 44. Nb5 Be1 45. Nd4 Kd6 46. Nb3
Kd5 47. Na1 Kc4 0-1

[Event "First Saturday (JUNE-GM)"]
[Site "Budapest"]
[Date "1999.06.13"]
[Round "9"]
[White "Seres, L(HUN)."]
[Black "Llanos, G(ARG)."]
[Result "1-0"]
[WhiteElo "2425"]
[BlackElo "2435"]
[PlyCount "107"]

1. d4 Nf6 2. c4 g6 3. Nc3 Bg7 4. g3 O-O 5. Bg2 d6 6. Nf3 Nc6 7. d5 Na5 8. b3
Nxd5 9. Nxd5 Bxa1 10. Bd2 c6 11. Nxe7+ Qxe7 12. Qxa1 Re8 13. O-O b6 14. Ng5 Bf5
15. g4 h6 16. gxf5 hxg5 17. fxg6 Rac8 18. gxf7+ Kxf7 19. Qd4 Rg8 20. b4 Nb7 21.
b5 Nc5 22. bxc6 Ne6 23. Bd5 Qf6 24. Qd3 Ke7 25. Bc3 Qh6 26. Qe4 Rcf8 27. e3 Rg6
28. Rd1 Qh5 29. Rd2 Rh6 30. Bg7 Qxh2+ 31. Kf1 Qh3+ 32. Ke1 Qh1+ 33. Qxh1 Rxh1+
34. Bxh1 Nxg7 35. Bd5 Ne8 36. f3 Rh8 37. Rg2 Kf6 38. Kd2 Nc7 39. Kd3 Ne8 40. f4
gxf4 41. exf4 Nc7 42. Rg3 Ne8 43. Be4 Rh6 44. Rg8 Kf7 45. Bd5+ Ke7 46. f5 Rh3+
47. Kd4 Rh4+ 48. Ke3 Rh6 49. Be6 Rh7 50. Kf4 Nc7 51. Bd5 Rh2 52. Rg7+ Kd8 53.
f6 Rf2+ 54. Kg5 1-0

[Event "First Saturday (JUNE-GM)"]
[Site "Budapest"]
[Date "1999.06.13"]
[Round "9"]
[White "Anastasian, A(ARM)."]
[Black "Varga, Z(HUN)."]
[Result "1/2-1/2"]
[WhiteElo "2525"]
[BlackElo "2515"]
[PlyCount "103"]

1. Nf3 c5 2. g3 Nc6 3. Bg2 g6 4. O-O Bg7 5. c4 e6 6. Nc3 Nge7 7. d3 O-O 8. Bg5
h6 9. Bxe7 Qxe7 10. Qd2 Rd8 11. e3 d5 12. cxd5 exd5 13. d4 cxd4 14. Nxd4 Nxd4
15. exd4 Qb4 16. Rad1 Be6 17. a3 Qb3 18. Rfe1 Rac8 19. Re3 Qc4 20. h4 h5 21.
Qe1 Kh7 22. Bf1 Qc6 23. Bd3 a6 24. Ne2 Kg8 25. Nf4 Bg4 26. Be2 Bf5 27. Bf3 Qb5
28. Qe2 Qxe2 29. Rxe2 Bg4 30. Bxg4 hxg4 31. Re7 b5 32. Ra7 Rd6 33. h5 gxh5 34.
Nxh5 Bh6 35. Kg2 Kh7 36. Rh1 Kg6 37. Re7 Bg5 38. Re5 f6 39. Re7 Rc2 40. Rg7+
Kf5 41. Rg8 Rxb2 42. Re1 Bh6 43. Rh8 Kg6 44. Rg8+ Kf7 45. Rh8 Bg5 46. Nf4 Bxf4
47. gxf4 Rc6 48. Kg3 f5 49. Rh7+ Kg6 50. Ree7 Rc3+ 51. Kg2 Rf3 52. Rhg7+
1/2-1/2

[Event "First Saturday (JUNE-GM)"]
[Site "Budapest"]
[Date "1999.06.14"]
[Round "10"]
[White "Nguyen Anh, D(VIE)."]
[Black "Maiwald, J(GER)."]
[Result "0-1"]
[WhiteElo "2485"]
[BlackElo "2465"]
[PlyCount "72"]

1. e4 c5 2. Nf3 e6 3. d4 cxd4 4. Nxd4 a6 5. Nc3 b5 6. Bd3 d6 7. O-O Nf6 8. a3
Bb7 9. f4 Nbd7 10. Be3 Rc8 11. Qf3 Rxc3 12. bxc3 Nc5 13. c4 bxc4 14. Bxc4 Nfxe4
15. Qg4 f5 16. Qe2 Qc8 17. Nb3 Nc3 18. Qe1 N5e4 19. Bd3 Be7 20. Bd4 O-O 21. Qe3
Bd5 22. Nd2 e5 23. Bxe4 Nxe4 24. Ba7 Qxc2 25. Nxe4 Bxe4 26. Rf2 Qa4 27. Rc1
exf4 28. Qxf4 Qxa3 29. Bd4 h6 30. Rc7 Bf6 31. Bxf6 Rxf6 32. h3 Kh7 33. Kh2 Rg6
34. Rd7 a5 35. Rd2 Qc1 36. Qe3 Bxg2 0-1

[Event "First Saturday (JUNE-GM)"]
[Site "Budapest"]
[Date "1999.06.14"]
[Round "10"]
[White "Lorscheid, G(GER)."]
[Black "Seres, L(HUN)."]
[Result "0-1"]
[WhiteElo "2320"]
[BlackElo "2425"]
[PlyCount "54"]

1. d4 Nf6 2. c4 d6 3. Nc3 Nbd7 4. e4 e5 5. Nf3 g6 6. Be2 Bg7 7. O-O O-O 8. Re1
c6 9. Bf1 a5 10. dxe5 dxe5 11. Na4 Qe7 12. Qc2 b6 13. Be3 Rb8 14. c5 b5 15. Nb6
Ng4 16. Bg5 f6 17. Nxd7 Bxd7 18. Bd2 a4 19. Qc1 g5 20. Rd1 Be6 21. h4 Qf7 22.
hxg5 Qh5 23. Be3 f5 24. g3 Nxe3 25. Qxe3 f4 26. gxf4 exf4 27. Qd3 Bxb2 0-1

[Event "First Saturday (JUNE-GM)"]
[Site "Budapest"]
[Date "1999.06.15"]
[Round "11"]
[White "Hoffmann, M(GER)."]
[Black "Lorscheid, G(GER)."]
[Result "1-0"]
[WhiteElo "2405"]
[BlackElo "2320"]
[PlyCount "73"]

1. Nf3 g6 2. c4 Bg7 3. d4 Nf6 4. g3 O-O 5. Bg2 d6 6. O-O c6 7. Nc3 Nbd7 8. e4
e5 9. b3 a6 10. Qc2 Re8 11. Ba3 Bf8 12. d5 cxd5 13. Nxd5 Nxd5 14. cxd5 Qa5 15.
Bc1 Nc5 16. Be3 Bd7 17. Nd2 Rec8 18. Nc4 Qd8 19. Qd2 a5 20. Rfc1 b5 21. Nb2 Be7
22. h4 Nb7 23. a4 Rxc1+ 24. Rxc1 Rc8 25. Bf1 bxa4 26. bxa4 Nc5 27. Bxc5 Rxc5
28. Rxc5 dxc5 29. Bb5 Bxb5 30. axb5 Qb6 31. Qd3 c4 32. Qxc4 Bc5 33. Nd3 Bd4 34.
Kg2 Qd6 35. Qc6 Qa3 36. Nxe5 Qe7 37. d6 1-0

[Event "First Saturday (JUNE-GM)"]
[Site "Budapest"]
[Date "1999.06.15"]
[Round "11"]
[White "Anastasian, A(ARM)."]
[Black "Hoang, T.T(VIE)."]
[Result "0-1"]
[WhiteElo "2525"]
[BlackElo "2450"]
[PlyCount "114"]

1. d4 f5 2. g3 g6 3. Bg2 Bg7 4. Nf3 Nf6 5. O-O O-O 6. c4 d6 7. Nc3 Qe8 8. d5 a5
9. Be3 Na6 10. Qd2 Bd7 11. Rfe1 Rb8 12. Ba7 Rd8 13. Bd4 e5 14. dxe6 Bxe6 15. b3
Nc5 16. Nb5 Nce4 17. Qxa5 c5 18. Bxf6 Bxf6 19. Rad1 Ra8 20. Qb6 Qb8 21. Rxd6
Nxd6 22. Qxd6 Qxd6 23. Nxd6 Rxa2 24. Nxb7 Be7 25. Ne5 Ra7 26. Nd3 Rc8 27. Rd1
Rc7 28. Nf4 Bf7 29. Nd8 Rd7 30. Rxd7 Rxd7 31. Nxf7 Rd1+ 32. Bf1 Kxf7 33. h4 Rb1
34. e3 Bd6 35. Nh3 Kf6 36. f4 Rxb3 37. Kf2 Bc7 38. Kf3 Ba5 39. Nf2 Bd2 40. Nd3
Rc3 41. Ke2 Bc1 42. Nxc5 Bxe3 43. Nd3 Bd4 44. c5 Bxc5 45. Nxc5 Rxc5 46. Bg2
Rc2+ 47. Kf1 Ke6 48. Bb7 Kd6 49. Ba8 Kc5 50. Bb7 Kd4 51. Ba8 Ke3 52. Bd5 h6 53.
Kg1 Rd2 54. Bc6 Rd6 55. Bb7 g5 56. fxg5 hxg5 57. hxg5 Rg6 0-1

[Event "First Saturday (JUNE-GM)"]
[Site "Budapest"]
[Date "1999.06.15"]
[Round "11"]
[White "Czebe, A(HUN)."]
[Black "Llanos, G(ARG)."]
[Result "1-0"]
[WhiteElo "2420"]
[BlackElo "2435"]
[PlyCount "109"]

1. d4 Nf6 2. c4 g6 3. g3 c6 4. Bg2 d5 5. cxd5 cxd5 6. Nc3 Bg7 7. Nf3 O-O 8. Ne5
e6 9. O-O Nfd7 10. f4 Nb6 11. b3 Bd7 12. Be3 Nc6 13. Qd2 Ne7 14. g4 Be8 15. Bf2
Rc8 16. Bh4 f6 17. Nd3 f5 18. Nc5 Qd6 19. Rac1 Rc7 20. Qe3 Kf7 21. Nd3 a6 22.
Bxe7 Qxe7 23. h3 Kg8 24. Nb1 Bc6 25. Nc5 Kh8 26. Nd2 Re8 27. Nf3 Nd7 28. Nxb7
fxg4 29. hxg4 Nf6 30. Nc5 Nxg4 31. Qd2 Bb7 32. e3 Bc8 33. Bh3 Nh6 34. b4 e5 35.
Bxc8 exd4 36. Bh3 dxe3 37. Qd3 e2 38. Rfe1 Nf5 39. Bxf5 gxf5 40. Rc2 Bf6 41.
Rexe2 Rg8+ 42. Rg2 Rxg2+ 43. Rxg2 Rc8 44. Kf1 a5 45. Qxf5 Rf8 46. Qe6 Qc7 47.
Rg8+ Rxg8 48. Qxf6+ Qg7 49. Qxg7+ Kxg7 50. b5 Rc8 51. Nd4 Kf6 52. b6 Ke7 53. b7
Rg8 54. Nf5+ Kf6 55. Nd6 1-0